Những di sản văn hóa vật thể và thiên nhiên thế giới tại Việt Nam
Cuốn sách giới thiệu về 8 di sản văn hóa được UNESCO công nhận là di sản văn hóa và thiên nhiên thế giới tại Việt Nam. Qua đó nêu ra các giá trị nổi bật về lịch sử, kiến trúc, văn hóa - du lịch,......
Saved in:
| Main Author: | |
|---|---|
| Format: | Book |
| Language: | Vietnamese |
| Published: |
H.
Hồng Đức
2025
|
| Series: | Tủ sách văn hóa phổ thông
|
| Subjects: | |
| Tags: |
Add Tag
No Tags, Be the first to tag this record!
|
| Institutions: | Thư viện Trường Đại học Nam Cần Thơ |
|---|
| LEADER | 01339nam a22002177a 4500 | ||
|---|---|---|---|
| 001 | NCT_4_018598 | ||
| 008 | 250510b xxu||||| |||| 00| 0 vie d | ||
| 999 | |c 8898 |d 8898 | ||
| 020 | |a 9786043281415 |c 80000 | ||
| 082 | 0 | 4 | |2 23rd ed. |a 959.7 |b T121 |
| 100 | 1 | |a Nguyễn Văn Tân |e Biên soạn | |
| 245 | 1 | 0 | |a Những di sản văn hóa vật thể và thiên nhiên thế giới tại Việt Nam |c Nguyễn Văn Tân (biên soạn) |
| 260 | |a H. |b Hồng Đức |c 2025 | ||
| 300 | |a 160 tr. |c 21 cm | ||
| 490 | 0 | |a Tủ sách văn hóa phổ thông | |
| 520 | 3 | |a Cuốn sách giới thiệu về 8 di sản văn hóa được UNESCO công nhận là di sản văn hóa và thiên nhiên thế giới tại Việt Nam. Qua đó nêu ra các giá trị nổi bật về lịch sử, kiến trúc, văn hóa - du lịch,... | |
| 653 | |a Quản trị DV Du lịch và Lữ hành | ||
| 942 | |2 ddc |c BK | ||
| 952 | |0 0 |1 0 |2 ddc |4 0 |6 959_700000000000000_T121 |7 0 |9 30573 |a 000001 |b 000001 |d 2025-05-10 |o 959.7 T121 |p MD.23725 |r 2025-05-10 |v 80000.00 |w 2025-05-10 |y BK | ||
| 952 | |0 0 |1 0 |2 ddc |4 0 |6 959_700000000000000_T121 |7 0 |9 30574 |a 000001 |b 000001 |d 2025-05-10 |o 959.7 T121 |p MD.23726 |r 2025-05-10 |v 80000.00 |w 2025-05-10 |y BK | ||
| 980 | |a Thư viện Trường Đại học Nam Cần Thơ | ||


